[Event "48th Capablanca Open I 2013"]
[Site "Havana CUB"]
[Date "2013.04.30"]
[Round "9.27"]
[White "Girones Barrios,Y"]
[Black "Almeida Quintana,O"]
[Result "1/2-1/2"]
[WhiteElo "2312"]
[BlackElo "2483"]

1.d4 d6 2.e4 Nf6 3.Nc3 e5 4.Nf3 Nbd7 5.Bc4 Be7 6.O-O O-O 7.h3 c6 8.a4 a5
9.Qe2 exd4 10.Nxd4 Nb6 11.Ba2 Re8 12.Be3 d5 13.exd5 Nbxd5 14.Nxd5 Nxd5 15.Qf3 Bf6
16.Bxd5 Qxd5 17.Qxd5 cxd5 18.c3 Bxd4  1/2-1/2

[Event "Llucmajor Open 2013"]
[Site "Llucmajor ESP"]
[Date "2013.04.30"]
[Round "3.2"]
[White "Cabrera,Ale"]
[Black "Vassallo Barroche,M"]
[Result "1-0"]
[WhiteElo "2529"]
[BlackElo "2442"]

1.e4 d6 2.d4 Nf6 3.Nc3 e5 4.Nf3 Nbd7 5.Bc4 Be7 6.O-O O-O 7.Re1 Nb6 8.Bf1 exd4
9.Nxd4 c5 10.Nde2 d5 11.e5 Ne8 12.Nf4 Nc7 13.g3 Bf5 14.g4 Bc8 15.Bg2 d4 16.Ne4 Ne6
17.Nh5 Nd5 18.c4 Nb4 19.a3 Nc6 20.f4 Bh4 21.Rf1 d3 22.g5 Qd4+ 23.Kh1 Rd8
24.Bd2 Qxc4 25.Qg4 Nxg5 26.Nef6+ gxf6 27.Nxf6+ Kf8 28.Qxh4  1-0

[Event "III Miedzyzdroje Open 2013"]
[Site "Miedzyzdroje POL"]
[Date "2013.04.30"]
[Round "4.4"]
[White "Wisniowska,K"]
[Black "Galazewski,T"]
[Result "0-1"]
[WhiteElo "2184"]
[BlackElo "2250"]

1.e4 d6 2.d4 Nf6 3.Nc3 e5 4.Nf3 Nbd7 5.Bc4 Be7 6.O-O O-O 7.Re1 c6 8.a4 b6
9.d5 cxd5 10.Nxd5 Bb7 11.b3 Nxd5 12.Bxd5 Bxd5 13.Qxd5 Qc7 14.c4 Nc5 15.b4 Ne6
16.Be3 a5 17.b5 Rac8 18.Rac1 Nc5 19.Ra1 Nb3 20.Ra3 Nc5 21.Rd1 Nd7 22.Nd2 Nf6
23.Qd3 d5 24.exd5 Bxa3 25.Qxa3 Ng4 26.d6 Qd8 27.Qd3 Nxe3 28.fxe3 Qd7 29.Ne4 h6
30.Qd5 Rfd8 31.c5 bxc5 32.b6 Rc6 33.Qxe5 Rxb6 34.Qxc5 Qxa4 35.Qxb6 Qxd1+
36.Kf2 Qc2+ 37.Kf3 Re8 38.Nc5 Qd1+  0-1

[Event "Nakhchivan Open A 2013"]
[Site "Nakhchivan AZE"]
[Date "2013.04.30"]
[Round "8.18"]
[White "Sulskis,S"]
[Black "Agaragimov,D"]
[Result "1/2-1/2"]
[WhiteElo "2567"]
[BlackElo "2348"]

1.e4 d6 2.d4 Nf6 3.Nc3 e5 4.Nf3 Nbd7 5.Bc4 Be7 6.O-O O-O 7.Re1 a6 8.a4 h6
9.a5 exd4 10.Nxd4 Ne5 11.Bf1 Bg4 12.Be2 c5 13.Nf5 Bxf5 14.exf5 Qd7 15.Nd5 Nxd5
16.Qxd5 Bf6 17.c3 Rfe8 18.Be3 Rad8 19.f4 Nc6 20.Bf3 Qc7 21.Bf2 Nxa5 22.g4 Qb6
23.h4 Rxe1+ 24.Rxe1 Qxb2 25.g5 hxg5 26.hxg5 Bxc3 27.Re7 Qb3 28.Rxf7 Kh8 29.Qxb3 Nxb3
30.Bd5 Nc1 31.f6 Nd3 32.Re7 Rf8 33.Bg3 Nb4 34.Be6 Nc6 35.Rxg7 Bxf6 36.gxf6 Rxf6
37.Rg8+ Kh7 38.Re8 Nd4 39.Bd5 b5 40.Kf2 a5 41.Ke3 a4 42.Be4+ Kg7 43.Bh4 Nf5+
44.Bxf5 Rxf5 45.Ke4 Rf8 46.Re6 a3 47.Rxd6 b4 48.Bf2 a2 49.Bxc5 a1=Q 50.Bd4+ Qxd4+
51.Rxd4 Rb8  1/2-1/2

[Event "Chinese Teams 2013"]
[Site "Tianjin CHN"]
[Date "2013.04.30"]
[Round "1.5"]
[White "Wang Jue"]
[Black "Ju Wenjun"]
[Result "1-0"]
[WhiteElo "2401"]
[BlackElo "2521"]

1.e4 d6 2.d4 Nf6 3.Nc3 e5 4.Nf3 Nbd7 5.Bc4 Be7 6.O-O O-O 7.Re1 c6 8.a4 a5
9.h3 exd4 10.Nxd4 Nc5 11.Ba2 Ne8 12.Be3 Bg5 13.f4 Bh4 14.Rf1 Nf6 15.e5 Nfe4
16.Nxe4 Nxe4 17.Qf3 Ng3 18.Rfd1 dxe5 19.Nf5 e4 20.Rxd8 Rxd8 21.Ne7+ Kf8 22.Qf2 Nf5
23.Qe2 Ng3 24.Qe1 Nf5 25.Ng6+ hxg6 26.Bc5+ Kg8 27.Qxe4 Bd7 28.g4 Ng3 29.Qxg6 Be8
30.Re1 Rd2 31.Bd4 Rxd4 32.Rxe8+ Rxe8 33.Qxf7+ Kh7 34.Qxe8 Rd8 35.Qe6 Rd1+
36.Kg2 Rd2+ 37.Kf3 Nf1 38.Qf5+  1-0

[Event "III Miedzyzdroje Open 2013"]
[Site "Miedzyzdroje POL"]
[Date "2013.05.02"]
[Round "6.3"]
[White "Stankiewicz,P"]
[Black "Galazewski,T"]
[Result "0-1"]
[WhiteElo "2074"]
[BlackElo "2250"]

1.e4 d6 2.d4 Nf6 3.Nc3 e5 4.dxe5 dxe5 5.Qxd8+ Kxd8 6.Bg5 Be6 7.O-O-O+ Nd7
8.Nd5 Kc8 9.Bxf6 gxf6 10.Kb1 c6 11.Ne3 Bc5 12.g3 Kc7 13.Bh3 b5 14.Bxe6 fxe6
15.Nf3 a5 16.c3 Bxe3 17.fxe3 Nc5 18.Nd2 Rhd8 19.Kc2 Rd3 20.Rhf1 Rxe3 21.Rxf6 Re2
22.Rf7+ Kb6 23.Rxh7 a4 24.Rh5 Rd8 25.Rxe5 Nd3 26.Rxe6 Nf2  0-1

[Event "Old Capital Open 2013"]
[Site "Veliko Tarnovo BUL"]
[Date "2013.05.02"]
[Round "3.4"]
[White "Stanojoski,Z"]
[Black "Bochev,K"]
[Result "1-0"]
[WhiteElo "2399"]
[BlackElo "2107"]

1.e4 d6 2.d4 Nf6 3.Nc3 e5 4.dxe5 dxe5 5.Qxd8+ Kxd8 6.Bg5 Nd7 7.O-O-O c6 8.Nf3 Ke8
9.a3 Be7 10.Bc4 h6 11.Bh4 Nh5 12.Bxe7 Kxe7 13.Rd2 Nf4 14.g3 Ne6 15.Rhd1 Ng5
16.Nh4 Nb6 17.Be2 g6 18.f4 exf4 19.gxf4 Nh3 20.f5 g5 21.Nf3 Nd7 22.e5 g4
23.f6+ Nxf6 24.exf6+ Kxf6 25.Nd4 h5 26.Rf1+ Kg7 27.Ne4 Rh6 28.Bc4 f6 29.Nd6 Kf8
30.Nxc8 Rxc8 31.Nf5 Rh7 32.Nd6  1-0

[Event "ch-USA 2013"]
[Site "Saint Louis USA"]
[Date "2013.05.03"]
[Round "1"]
[White "Hess,Ro"]
[Black "Finegold,B"]
[Result "1/2-1/2"]
[WhiteElo "2595"]
[BlackElo "2505"]

1.d4 d6 2.e4 Nf6 3.Nc3 e5 4.dxe5 dxe5 5.Qxd8+ Kxd8 6.Bc4 Ke8 7.Nge2 a6 8.Bg5 Nbd7
9.O-O-O Bd6 10.Ng3 h6 11.Be3 Ng4 12.Nf5 Nxe3 13.fxe3 Nb6 14.Bb3 Bf8 15.Rhf1 g6
16.Nh4 Rh7 17.a4 c6 18.Nf3 Nd7 19.Rxd7 Kxd7 20.Nxe5+ Kc7 21.Bxf7 Bc5 22.Nxg6 Bxe3+
23.Kb1 Rg7 24.e5 Bg4 25.Ne4 Bh5 26.Nh8 Be2 27.Re1 Rxg2 28.Ng6 Rg1 29.Rxg1 Bxg1
30.e6 Bf3 31.Nd2 Bh5 32.e7 Bxg6 33.Bxg6 Kd7 34.e8=Q+ Rxe8 35.Bxe8+ Kxe8 36.Nf3 Bc5  1/2-1/2

[Event "46th ch-JPN"]
[Site "Tokyo JPN"]
[Date "2013.05.03"]
[Round "5.3"]
[White "Tang,Tang"]
[Black "Sakai,Sou"]
[Result "1/2-1/2"]
[WhiteElo "1927"]
[BlackElo "1831"]

1.e4 d6 2.d4 Nf6 3.Nc3 e5 4.dxe5 dxe5 5.Qxd8+ Kxd8 6.Bg5 Be6 7.Nf3 Bd6 8.O-O-O Nd7
9.Bh4 h6 10.Bb5 Kc8 11.Rhe1 a6 12.Ba4 Nc5 13.Bb3 Nxb3+ 14.axb3 Nd7 15.Nd2 f6
16.f3 Bc5 17.Re2 c6 18.Bf2 Bxf2 19.Rxf2 b5 20.Nf1 Kc7 21.Ne3  1/2-1/2

[Event "Old Capital Open 2013"]
[Site "Veliko Tarnovo BUL"]
[Date "2013.05.03"]
[Round "5.7"]
[White "Kalchev,St"]
[Black "Janev,P"]
[Result "0-1"]
[WhiteElo "2106"]
[BlackElo "2240"]

1.e4 d6 2.d4 Nf6 3.Nc3 c6 4.g3 Nbd7 5.Bg2 e5 6.Nge2 g6 7.O-O Bg7 8.h3 O-O
9.Be3 b5 10.a3 Bb7 11.g4 Nb6 12.dxe5 dxe5 13.Qxd8 Rfxd8 14.Rad1 Nc4 15.Bc1 Bf8
16.Rxd8 Rxd8 17.Rd1 Rxd1+ 18.Nxd1 h5 19.Ne3 hxg4 20.hxg4 Nd6 21.f3 Nde8 22.Nd1 Nd7
23.Be3 Bc5 24.Kf2 Kf8 25.Bf1 Ke7 26.b4 Bxe3+ 27.Nxe3 Nd6 28.Nc1 Nb6 29.Nb3 Bc8
30.Na5 Bd7 31.c4 bxc4 32.Nexc4 Ndxc4 33.Bxc4 f6 34.Bb3 g5 35.Ke3 Kd6 36.Nb7+ Kc7
37.Nc5 Bc8 38.Kd3 Nd7 39.Kc4 Nf8 40.Kd3 Kd6 41.Bf7 Nd7 42.Nxd7 Bxd7 43.a4 c5
44.b5 Kc7 45.Kc4 Kb6 46.Kd5 Bxb5 47.axb5 Kxb5 48.Ke6 c4 49.Kxf6 c3 50.Bb3 a5
51.Kxe5 Kb4 52.Bc2 a4  0-1

[Event "8th Angers Open"]
[Site "Angers FRA"]
[Date "2013.05.04"]
[Round "3.25"]
[White "Pille,Edouard"]
[Black "Noyer,Christophe"]
[Result "1/2-1/2"]
[WhiteElo "1610"]
[BlackElo "1544"]

1.e4 d6 2.d4 Nf6 3.Nc3 Nbd7 4.Nf3 e5 5.dxe5 dxe5 6.Bg5 Be7 7.Bc4 c6 8.Qe2 Qc7
9.h3 O-O 10.O-O b5 11.Bb3 a5 12.a3 Ba6 13.Nd1 c5 14.Bxf6 Nxf6 15.c4 b4 16.Nd2 Rfd8
17.Ne3 g6 18.a4 Rd6 19.Nd5 Nxd5 20.exd5 Rxd5 21.Qe3 Rdd8 22.Rad1 f6 23.Rfe1 Bb7
24.f4 Bd6 25.Nf3 Bxf3 26.gxf3 Qe7 27.Bc2 Ra7 28.Be4 Kg7 29.fxe5 Qxe5 30.Re2 Re7
31.Rg2 f5 32.Rd5 f4 33.Qd3 Qf6 34.Rf5 Qd4+ 35.Qxd4+ cxd4 36.Rd5 Bc7 37.Rgg5 Red7
38.b3 Rxd5 39.Rxd5 Rxd5 40.Bxd5 d3 41.Kf1 Bb6 42.Be4 d2 43.Ke2 Be3 44.c5 d1=Q+
45.Kxd1 Bxc5 46.Kd2 Kf6 47.Kd3 Ke5 48.Kc4  1/2-1/2

[Event "Mukachevo Rating 18 2013"]
[Site "Mukachevo UKR"]
[Date "2013.05.04"]
[Round "6.5"]
[White "Kristofori,A"]
[Black "Berlin,D"]
[Result "1/2-1/2"]
[WhiteElo "2003"]
[BlackElo "2085"]

1.d4 d6 2.e4 Nf6 3.Nc3 e5 4.Nf3 Nbd7 5.Bc4 Be7 6.O-O O-O 7.Bb3 exd4 8.Nxd4 Nc5
9.Qf3 a5 10.Bc4 c6 11.Re1 Qc7 12.a4 Be6 13.Bf1 Rfe8 14.Bf4 Qb6 15.b3 Rad8
16.h3 Bc8 17.Rad1 Bf8 18.Bg5 Ncd7 19.Qg3 Kh8 20.Nf5 Ne5 21.Ne3 Be7 22.Nc4 Qc7
23.Bc1 Ng6 24.Ba3 Ne5 25.Bb2 Nh5 26.Qe3 h6 27.Nxe5 dxe5 28.Bc4 Bg5 29.Qf3 Nf4
30.Ne2 Be6 31.Nxf4 Bxc4 32.Nd3 Bxd3 33.Rxd3 Rxd3 34.Qxd3 Rd8 35.Qf3 Bf6  1/2-1/2

[Event "8th Angers Open"]
[Site "Angers FRA"]
[Date "2013.05.05"]
[Round "6.10"]
[White "Viel,J"]
[Black "Noyer,Christophe"]
[Result "1-0"]
[WhiteElo "1658"]
[BlackElo "1544"]

1.e4 d6 2.d4 Nf6 3.Nc3 Nbd7 4.Bc4 c6 5.f4 b5 6.Bd3 b4 7.Nce2 e5 8.Nf3 Qc7
9.c3 a5 10.O-O Be7 11.h3 Bb7 12.Ng3 c5 13.fxe5 dxe5 14.d5 c4 15.Bc2 O-O 16.Be3 Nc5
17.Nd2 Nd3 18.Bxd3 cxd3 19.c4 Bc5 20.Qf3 a4 21.b3 Qb6 22.Bxc5 Qxc5+ 23.Qf2 Qxf2+
24.Kxf2 Nd7 25.Ke3 Nc5 26.Nh1 Bc8 27.Nf2 f5 28.Nxd3 f4+ 29.Ke2 Nxd3 30.Kxd3 Bd7
31.Nf3 Rfd8 32.Rfc1 Ra6 33.c5 Bb5+ 34.Kd2 Rda8 35.bxa4 Rxa4 36.Rab1 Rxa2+
37.Rc2 Rxc2+ 38.Kxc2 Ba4+ 39.Kd2 b3 40.c6 Kf8 41.Kc3 Rb8 42.Nd2 b2 43.Rxb2 Rxb2
44.Kxb2 Ke7 45.Kc3 h5 46.Nf3 Kd6 47.Kb4 Bc2 48.Ng5 Bd3 49.Nf7+ Kc7 50.Kc5 Bxe4
51.d6+  1-0

[Event "Geneva WGP 2013"]
[Site "Geneva SUI"]
[Date "2013.05.05"]
[Round "3.3"]
[White "Cmilyte,V"]
[Black "Ju Wenjun"]
[Result "1/2-1/2"]
[WhiteElo "2522"]
[BlackElo "2544"]

1.d4 d6 2.e4 Nf6 3.Nc3 e5 4.Nf3 Nbd7 5.Bc4 Be7 6.O-O O-O 7.h3 a6 8.a4 b6
9.Re1 c6 10.Bf1 Bb7 11.b3 Re8 12.Bb2 Qc7 13.Nb1 Bf8 14.Nbd2 g6 15.c3 Rad8
16.Qc2 Bg7 17.c4 exd4 18.Bxd4 c5 19.Bc3 Nh5 20.Nb1 f5 21.Nfd2 Ndf6 22.a5 Nxe4
23.axb6 Qxb6 24.Bxg7 Nxg7 25.Nc3 Nxc3 26.Qxc3 Qc7 27.Qf6 Rf8 28.Qc3 Rde8
29.b4 cxb4 30.Qxb4 Ne6 31.Nb3 Nc5 32.Nxc5 dxc5 33.Qa4 Re4 34.Rad1 Qe5 35.Qa5 Re8
36.Rxe4 fxe4 37.Qb6 Qe7 38.Rb1 Bc8 39.Rb3 Rf8 40.Qc6 a5 41.Rb8 Bd7 42.Qd5+ Kg7
43.Rxf8 Kxf8 44.Qa8+ Kf7 45.Qxa5 e3 46.Qe1 exf2+ 47.Qxf2+ Kg7 48.Be2 Qe5
49.Bf1 Be6 50.h4 Bf7 51.g3 Be6 52.Kh2 Bf7 53.Kg1 Be6 54.Kh2 Qd4 55.Qe2 Kf6
56.Qf3+ Kg7 57.Qe2 Kf6 58.Qf3+ Kg7 59.Qe2 Kf6 60.Qf3+  1/2-1/2

[Event "4NCL 2012-13"]
[Site "Hinckley ENG"]
[Date "2013.05.05"]
[Round "10.131"]
[White "Collins,S IRL"]
[Black "Williams,Si1"]
[Result "0-1"]
[WhiteElo "2471"]
[BlackElo "2511"]

1.e4 d6 2.d4 Nf6 3.Nc3 Nbd7 4.Nf3 e5 5.Bc4 Be7 6.O-O c6 7.a4 Qc7 8.Qe2 h6
9.Rd1 Nf8 10.Nh4 g6 11.g3 Ne6 12.Nf3 g5 13.d5 Nf8 14.b4 a6 15.Be3 Bg4 16.h3 Bxh3
17.dxc6 bxc6 18.b5 Ng6 19.bxc6 Qxc6 20.Nd5 O-O 21.Nxf6+ Bxf6 22.Bd5 Qd7 23.Nd2 Rab8
24.Nc4 Kh7 25.Nb6 Rxb6 26.Bxb6 Rg8 27.Be3 Nh4 28.f3 Bg2 29.gxh4 Qh3 30.Bxf7 Rg7
31.h5 Bxf3 32.Bg6+ Rxg6 33.hxg6+ Kxg6 34.Qh2 Qg4+ 35.Kf1 Bxd1 36.Qg2 Qxg2+
37.Kxg2 Bxc2 38.Kf3 h5  0-1

[Event "4NCL 2012-13"]
[Site "Hinckley ENG"]
[Date "2013.05.05"]
[Round "10.177"]
[White "Ingram,Keith R"]
[Black "Purton,B"]
[Result "0-1"]
[WhiteElo "2047"]
[BlackElo "2136"]

1.e4 d6 2.d4 Nf6 3.Nc3 c6 4.Bg5 Qa5 5.Qd2 e5 6.d5 Nbd7 7.f3 a6 8.Nge2 Be7
9.Ng3 g6 10.Bh6 cxd5 11.Nxd5 Qxd2+ 12.Bxd2 Nxd5 13.exd5 f5 14.O-O-O b5 15.c4 bxc4
16.Bxc4 Bb7 17.Ba5 Kf7 18.Kb1 Rhc8 19.b3 Rab8 20.Kb2 Bf6 21.Ka3 Bd8 22.Bxd8 Rxd8
23.Rc1 Rdc8 24.Ne2 Nb6 25.Rhd1 Rc5 26.h3 Rbc8 27.f4 exf4 28.Nxf4 Nxc4+ 29.Rxc4 Rxc4
30.bxc4 Rxc4 31.Rb1 Bc8 32.Rb8 g5 33.Ne2 Kf6 34.Kb3 Rc7 35.Ra8 Ke5 36.Nc3 f4
37.Rb8 Rb7+ 38.Rxb7 Bxb7 39.Kc4 h5 40.a3 Ba8  0-1

[Event "ch-FRA Junior 2013"]
[Site "Saint-Paul-Trois-Chateaux FRA"]
[Date "2013.05.05"]
[Round "9.7"]
[White "Mouhamad,J"]
[Black "Louis,T"]
[Result "0-1"]
[WhiteElo "2220"]
[BlackElo "2217"]

1.e4 d6 2.d4 Nf6 3.Nc3 e5 4.Nf3 Nbd7 5.Bc4 Be7 6.O-O O-O 7.a4 a6 8.Re1 b6
9.b3 Bb7 10.Ba3 g6 11.Qd2 exd4 12.Qxd4 Ng4 13.Rad1 Bf6 14.Qd2 Nde5 15.Nxe5 Nxe5
16.Bd5 c6 17.Bc4 c5 18.Bd5 Ra7 19.Bxb7 Rxb7 20.Nd5 Bg7 21.Bb2 f5 22.f4 Nc6
23.Bxg7 Kxg7 24.Qc3+ Nd4 25.Rxd4 cxd4 26.Qxd4+ Kg8 27.e5 dxe5 28.fxe5 Qc8
29.Nxb6 Rd8 30.Qc4+ Qxc4 31.Nxc4 Rc7 32.Re3 Kf7 33.Kf2 Ke6 34.Ke2 Rd4 35.Rc3 Re4+
36.Kd2 Rc5 37.Rd3 Rd5 38.g3 f4 39.gxf4 Rexe5 40.fxe5 Rxd3+  0-1

[Event "46th ch-JPN"]
[Site "Tokyo JPN"]
[Date "2013.05.05"]
[Round "8.4"]
[White "Tanaka,T"]
[Black "Sakai,Sou"]
[Result "1/2-1/2"]
[WhiteElo "1838"]
[BlackElo "1831"]

1.e4 d6 2.d4 Nf6 3.Nc3 e5 4.dxe5 dxe5 5.Qxd8+ Kxd8 6.Bg5 Be6 7.Nf3 Bd6 8.O-O-O Nd7
9.Nb5 Ke7 10.Nxd6 cxd6 11.Bb5 Rhd8 12.Nd2 Rac8 13.Kb1 a6 14.Be2 h6 15.Bh4 Rc7
16.f3 Rdc8 17.c3 Nb6 18.Nf1 Nc4 19.Bxc4 Rxc4 20.Ne3 R4c5 21.Rd2 g5 22.Bf2 R5c6
23.Rhd1 b5 24.Nc2 a5 25.Na3 Rb8 26.Nc2 b4 27.cxb4 axb4 28.b3 Ne8 29.Rd3 Nc7
30.Be1 Na6 31.Ne3 Nc5 32.Nd5+ Bxd5 33.Rxd5 Ne6 34.Ra5 Nd4 35.Rc1 Rxc1+ 36.Kxc1 Nc6
37.Ra4 Rb5 38.Kc2 Ke6 39.Kd3 h5 40.Bd2 g4 41.Kc4 Rc5+ 42.Kd3 gxf3 43.gxf3 Rb5
44.Ra8 Nd4 45.f4 f5 46.Rh8 fxe4+ 47.Kxe4 d5+ 48.Kd3 Nf3 49.Rxh5 e4+ 50.Ke2 Nd4+
51.Ke3 Nf5+ 52.Ke2 d4 53.Rh8 Ra5 54.a4 bxa3 55.Bxa5 a2 56.Bc3 dxc3 57.Ra8 Nd4+
58.Kd1 c2+ 59.Kc1 Nxb3+ 60.Kxc2 a1=Q 61.Rxa1 Nxa1+ 62.Kc3 Kf5 63.h4 Kxf4
64.h5 Kf3 65.h6 e3 66.h7 e2 67.h8=Q e1=Q+ 68.Kc4 Qc1+ 69.Qc3+  1/2-1/2

[Event "Old Capital Open 2013"]
[Site "Veliko Tarnovo BUL"]
[Date "2013.05.05"]
[Round "7.17"]
[White "Galunova,T"]
[Black "Samu,S"]
[Result "0-1"]
[WhiteElo "2005"]
[BlackElo "2125"]

1.e4 d6 2.d4 Nf6 3.Nc3 c6 4.f4 g6 5.Nf3 Bg7 6.Bd3 O-O 7.O-O b5 8.e5 dxe5
9.fxe5 Nd5 10.Nxd5 Qxd5 11.c3 Nd7 12.Ng5 f5 13.Be2 Nb6 14.Bf3 Qd7 15.Qb3+ e6
16.h4 h6 17.Nh3 a5 18.Nf4 a4 19.Qc2 Qe8 20.g3 Nd5 21.Bd2 Ra7 22.b3 Kh7 23.c4 Nxf4
24.gxf4 Qd8 25.Be3 axb3 26.axb3 Rxa1 27.Rxa1 Qxh4 28.Qf2 Qe7 29.Bxc6 bxc4
30.bxc4 g5 31.d5 gxf4 32.Bxf4 Rg8 33.Kh1 Qb4 34.Qc2 Bf8 35.d6 Qc5 36.Bf3 Qd4
37.Qc1 Qf2 38.Ra3 Bd7 39.c5 Bb5 40.Bh2 Be2 41.Ba8 Bxd6 42.exd6 Rxa8 43.Rh3 Bf3+
44.Rxf3 Qxf3+ 45.Kg1 Rg8+  0-1

[Event "14th Euro Indiv 2013"]
[Site "Legnica POL"]
[Date "2013.05.06"]
[Round "2.119"]
[White "Meribanov,V"]
[Black "Marjanovic,Dej"]
[Result "1-0"]
[WhiteElo "2431"]
[BlackElo "2186"]

1.e4 d6 2.d4 Nf6 3.Nc3 e5 4.Nf3 Nbd7 5.Bc4 Be7 6.O-O Nb6 7.Be2 exd4 8.Nxd4 O-O
9.f4 c5 10.Nb3 Be6 11.Bf3 Qc8 12.a4 a5 13.h3 Rd8 14.Re1 d5 15.e5 d4 16.Nb5 Nfd5
17.Be4 d3 18.cxd3 Nb4 19.d4 Bc4 20.Qf3 Bxb3 21.Qxb3 cxd4 22.Bd2 Qc4 23.Qf3 Nc2
24.b3 Nxe1 25.Rxe1 Qc8 26.Rc1 Qd7 27.Rc7 Qe6 28.Bxb7 Rab8 29.Bxa5 d3 30.Bd2 Rd7
31.Rxd7 Qxd7 32.Be4 Rc8 33.Kh2 Rc5 34.Nd6 Nc8 35.Bf5  1-0

[Event "14th Euro Indiv 2013"]
[Site "Legnica POL"]
[Date "2013.05.06"]
[Round "2.117"]
[White "Drozdowski,K"]
[Black "Sabuk,P"]
[Result "1-0"]
[WhiteElo "2435"]
[BlackElo "2206"]

1.e4 d6 2.d4 Nf6 3.Nc3 e5 4.Nf3 Nbd7 5.Bc4 Be7 6.O-O O-O 7.Re1 c6 8.a4 b6
9.Ba2 Bb7 10.h3 a6 11.Bg5 h6 12.Be3 c5 13.dxe5 dxe5 14.Nh4 Nxe4 15.Ng6 Nxc3
16.bxc3 Re8 17.Qh5 Nf6 18.Bxf7+ Kxf7 19.Nxe5+ Kg8 20.Qf7+ Kh7 21.Qg6+ Kg8
22.Qf7+ Kh7 23.Bxh6 Bf8 24.Qg6+ Kg8 25.Qf7+ Kh7 26.Qxb7 Re7 27.Qf3 Kxh6 28.Qf5 Qe8
29.g4 Nh7 30.g5+ Nxg5 31.f4 g6 32.Qxg5+ Kh7 33.Rad1 Raa7 34.Re4 Bg7 35.Rd6 Bh6
36.Qh4 Rg7 37.Ng4  1-0

[Event "Oceania Open zt 2013"]
[Site "Nadi FIJ"]
[Date "2013.05.06"]
[Round "4.14"]
[White "Adricula,Noel A"]
[Black "Kempen,L"]
[Result "1-0"]
[WhiteElo "1654"]
[BlackElo "1996"]

1.e4 Nf6 2.Nc3 d6 3.d4 Nbd7 4.Nf3 e5 5.dxe5 dxe5 6.Bc4 h6 7.O-O Be7 8.Re1 c6
9.h3 Qc7 10.Bb3 g5 11.a3 Nf8 12.Be3 Ng6 13.Qd3 Rg8 14.Nh2 Rg7 15.Rad1 Nf4
16.Qf1 h5 17.f3 Qa5 18.Kh1 Rh7 19.Rd2 h4 20.Red1 N6h5 21.Qf2 Ng3+ 22.Kg1 Rg7
23.Ng4 Rg6 24.Ba2 f6 25.Kh2 Ne6 26.Ne2 f5 27.exf5 Nxf5 28.Rd3 Qc7 29.Kg1 b6
30.b4 Ba6 31.Rd7 Qxd7 32.Rxd7 Kxd7 33.Nxe5+  1-0

[Event "Old Capital Open 2013"]
[Site "Veliko Tarnovo BUL"]
[Date "2013.05.06"]
[Round "9.14"]
[White "Kalchev,St"]
[Black "Bochev,K"]
[Result "1/2-1/2"]
[WhiteElo "2106"]
[BlackElo "2107"]

1.e4 d6 2.d4 Nf6 3.Nc3 e5 4.Nf3 Nbd7 5.Bc4 Be7 6.dxe5 dxe5 7.Bxf7+ Kxf7 8.Ng5+ Kg8
9.Ne6 Qe8 10.Nxc7 Qd8 11.Nxa8 Nc5  1/2-1/2

[Event "VIII American Continental 2013"]
[Site "Cochabamba BOL"]
[Date "2013.05.07"]
[Round "1.23"]
[White "Ruiz C,J"]
[Black "Acosta,M USA"]
[Result "1-0"]
[WhiteElo "2370"]
[BlackElo "1958"]

1.e4 d6 2.d4 Nf6 3.Nc3 c6 4.a4 Nbd7 5.Nge2 e5 6.h3 g6 7.g4 Bg7 8.Bg2 O-O
9.Be3 Re8 10.O-O a5 11.Qd2 exd4 12.Nxd4 Nc5 13.f3 Ne6 14.Rad1 d5 15.Nxe6 Bxe6
16.e5 Nd7 17.f4 f5 18.gxf5 Bxf5 19.Ne2 Nf8 20.Ng3 Ne6 21.Nxf5 gxf5 22.c4 dxc4
23.Qc2 Qe7 24.Qxf5 Nf8 25.Rd6 Qxd6 26.exd6 Rxe3 27.Qc5 Rae8 28.Qxc4+ Kh8
29.f5 Re2 30.f6 Bh6 31.f7 R8e5 32.Kh1 Bg7 33.b4 axb4 34.Qxb4 Rg5 35.Bf3 Rb2
36.Qf4 Rg6 37.Rg1 Rf6 38.Qd4 Rg6 39.Rxg6 hxg6 40.Qh4+ Nh7 41.d7 Rb1+ 42.Kg2 Rb2+
43.Kf1 Rb1+ 44.Kf2 Rb2+ 45.Be2  1-0

[Event "14th Euro Indiv 2013"]
[Site "Legnica POL"]
[Date "2013.05.07"]
[Round "3.101"]
[White "Pavlidis,Ana"]
[Black "Mamedov,Nid"]
[Result "0-1"]
[WhiteElo "2360"]
[BlackElo "2602"]

1.d4 d6 2.e4 Nf6 3.Nc3 Nbd7 4.Nf3 e5 5.Bc4 Be7 6.O-O O-O 7.Re1 c6 8.a4 Qc7
9.h3 h6 10.Nh4 exd4 11.Qxd4 Ne5 12.Ba2 Nh7 13.Nf5 Bxf5 14.exf5 Bf6 15.Qe3 Rfe8
16.Bd2 d5 17.Qg3 Qd7 18.Bxh6 Qxf5 19.Rad1 Ng6 20.Bc1 Bh4 21.Qf3 Qxf3 22.gxf3 Bg5
23.Be3 Nh4 24.Re2 Nxf3+ 25.Kf1 Bf6 26.Bxa7 Rxe2 27.Kxe2 Rxa7 28.Kxf3 Bxc3
29.bxc3 Ng5+ 30.Kg2 Rxa4 31.Bb3 Rf4 32.Rd4 Ne6 33.Rxf4 Nxf4+ 34.Kf3 Ne6 35.c4 Nd4+
36.Ke3 Nxb3 37.cxb3 dxc4 38.bxc4 b6 39.Kd4 Kf8  0-1

[Event "14th Euro Indiv 2013"]
[Site "Legnica POL"]
[Date "2013.05.07"]
[Round "3.28"]
[White "Brkic,A"]
[Black "Motylev,A"]
[Result "1-0"]
[WhiteElo "2575"]
[BlackElo "2669"]

1.e4 d6 2.d4 Nf6 3.Nc3 e5 4.Nf3 Nbd7 5.Bc4 Be7 6.O-O O-O 7.Re1 c6 8.a4 exd4
9.Nxd4 Ne5 10.Bf1 Re8 11.b3 d5 12.exd5 Bb4 13.Bd2 Nfg4 14.Ne4 cxd5 15.Bxb4 dxe4
16.Qd2 a5 17.Bc3 Qc7 18.f4 Nc6 19.h3 Nh6 20.Nxc6 bxc6 21.Rad1 Bf5 22.Qe3 f6
23.g4 Bg6 24.Bg2 f5 25.g5 Nf7 26.Qd4 Nd8 27.Qd7 Qxd7 28.Rxd7 Ne6 29.Be5 Bf7
30.h4 Nc5 31.Rc7 Na6 32.Rxc6 Nb4 33.Rc7 Rec8 34.Re2 Rxc7 35.Bxc7 Rc8 36.Bxa5 Nxc2
37.Bb6 Bh5 38.Rd2 e3 39.Rd8+ Rxd8 40.Bxd8 e2 41.Ba5 e1=Q+ 42.Bxe1 Nxe1 43.Bh1 Nc2
44.a5 Nd4 45.Kf2 Bf7 46.Ke3 Nb5 47.Bc6 Nc7 48.b4 Kf8 49.Kd4 Ke7 50.Kc5 Ne6+
51.Kb6 Nxf4 52.a6 Nd5+ 53.Kb7 Nxb4 54.a7 Nxc6 55.a8=Q Nd8+ 56.Kb6 Ne6 57.Qa3+ Ke8
58.Kc6 h6 59.Kd6 hxg5 60.Qa8+  1-0

[Event "Norway Supreme Masters Blitz 2013"]
[Site "Stavanger NOR"]
[Date "2013.05.07"]
[Round "8.3"]
[White "Karjakin,Sergey"]
[Black "Carlsen,M"]
[Result "1-0"]
[WhiteElo "2767"]
[BlackElo "2868"]

1.e4 d6 2.d4 Nf6 3.Nc3 e5 4.Nf3 Nbd7 5.Bc4 Be7 6.O-O O-O 7.a4 a6 8.a5 h6
9.h3 Re8 10.Re1 exd4 11.Nxd4 Ne5 12.Bf1 c5 13.Nf5 Bf8 14.Ne3 Be6 15.Ned5 Nc6
16.Nxf6+ Qxf6 17.Nd5 Bxd5 18.Qxd5 Re5 19.Qb3 Rb8 20.c3 d5 21.Rd1 c4 22.Qc2 dxe4
23.Be3 Nxa5 24.Bd4 Nb3 25.Bxe5 Qxe5 26.Ra4 b5 27.Rxa6 e3 28.fxe3 Nc5 29.Rc6 Qe8
30.Rc7 Qe5 31.Rc6 Qe8 32.Rc7 Qe6 33.Qf2 Ne4 34.Qf4 Bd6 35.Rxd6 Nxd6 36.Be2 Re8
37.Bf3 g5 38.Qd4 Nf5 39.Qc5 Nxe3 40.Bh5 Rf8 41.Re7 Qf5 42.Qxe3  1-0

[Event "14th Euro Indiv 2013"]
[Site "Legnica POL"]
[Date "2013.05.08"]
[Round "4.26"]
[White "Kislinsky,A"]
[Black "Nepomniachtchi,I"]
[Result "1/2-1/2"]
[WhiteElo "2574"]
[BlackElo "2710"]

1.e4 d6 2.d4 Nf6 3.Nc3 e5 4.Nf3 Nbd7 5.Bc4 Be7 6.O-O O-O 7.Re1 a6 8.a4 b6
9.Ba2 Bb7 10.h3 c6 11.dxe5 dxe5 12.Nh4 b5 13.Nf5 b4 14.Nb1 Ne8 15.Be3 Bc5
16.Nd2 g6 17.Nb3 Bxe3 18.Nxe3 Qc7 19.a5 Rd8 20.Qf3 Nd6 21.Rad1 Kg7 22.Qg3 Nxe4
23.Nf5+ Kh8 24.Rxe4 gxf5 25.Qg5 fxe4 26.Rxd7 Qxd7 27.Qf6+ Kg8 28.Qg5+  1/2-1/2

[Event "5th Alexander The Great Open 2013"]
[Site "Porto Carras GRE"]
[Date "2013.05.08"]
[Round "2.4"]
[White "Erdogdu,M"]
[Black "Djukic,Sa"]
[Result "1-0"]
[WhiteElo "2422"]
[BlackElo "2199"]

1.d4 d6 2.e4 Nf6 3.Nc3 e5 4.Nf3 Nbd7 5.Bc4 Be7 6.O-O O-O 7.Re1 c6 8.a4 b6
9.b3 a6 10.Bb2 Qc7 11.Qd2 Bb7 12.Rad1 b5 13.Bd3 Rfe8 14.Ne2 h6 15.Ng3 Bf8
16.c4 bxa4 17.bxa4 exd4 18.Bxd4 Ng4 19.Bf1 Rab8 20.Bc3 c5 21.a5 Nge5 22.Nh4 Rbd8
23.Nhf5 Nb8 24.Nh5 Bc8 25.Nxh6+ Kh7 26.Nf5 Bxf5 27.exf5 Nbc6 28.Re3 f6 29.Rh3 Kg8
30.Qd5+ Qf7 31.f4 Ne7 32.Qe6 N7c6 33.Qxf7+ Nxf7 34.Rg3 Kh8 35.Nxf6 gxf6 36.Bxf6+ Kh7
37.Bxd8 Rxd8 38.Bd3 Nb4 39.Bb1 Bh6 40.f6+ Kh8 41.Rg4 Bf8 42.Rh4+ Kg8 43.Bh7+ Kh8
44.Bf5+ Nh6 45.g4 Nc6 46.g5 Nxa5 47.Be6 Nb3 48.Rd3 Nd4 49.f5 Rb8 50.Rdh3 Rb1+
51.Kf2 Rb2+ 52.Ke1 Re2+ 53.Kd1  1-0

[Event "14th Euro Indiv 2013"]
[Site "Legnica POL"]
[Date "2013.05.09"]
[Round "5.110"]
[White "Simacek,P"]
[Black "Curic,D"]
[Result "0-1"]
[WhiteElo "2498"]
[BlackElo "2258"]

1.e4 d6 2.d4 Nf6 3.Nc3 c6 4.f4 Qa5 5.Bd3 e5 6.Nf3 Bg4 7.Be3 Nbd7 8.h3 Bh5
9.g4 exf4 10.Bxf4 Bg6 11.Bd2 Qc7 12.Qe2 Be7 13.Nh4 O-O 14.O-O-O b5 15.Nf5 Bxf5
16.exf5 Rfe8 17.Qf3 b4 18.Ne2 c5 19.g5 c4 20.gxf6 cxd3 21.Qxd3 Nxf6 22.Rhg1 Kh8
23.Nf4 a5 24.Rg2 Bf8 25.Rdg1 Rec8 26.Kb1 d5 27.Bc1 a4 28.Ne2 b3 29.cxb3 axb3
30.a3 Qc6 31.Bf4 Ne4 32.Rc1 Qa4 33.Ng3 Nd6 34.Nh5 Nc4 35.Rxc4 Rxc4 36.Be5 Rac8
37.Rg1 Rc2 38.Bxg7+ Bxg7 39.Nxg7 Qc6 40.Qxb3 Rc1+ 41.Rxc1 Qxc1+ 42.Ka2 Kxg7
43.Qg3+ Kf6 44.Qe5+ Kg5 45.Qg7+ Kf4 46.Qe5+ Kg5 47.Qg7+ Kxf5 48.Qe5+  0-1